000 00449 a2200181 4500
003 Nust
005 20170207153440.0
020 _a9694170017
040 _cNust
082 _a537
100 _aJamal, Habibullah
245 _aFiltering networks-I
_cProf. Dr. Habibullah Jamal,
260 _aIslamabad
_bNational Academy Of Higher Education
_c1989
300 _a162 p
490 _vVol - I
600 _aJamal, Habibullah
650 _aFiltering networks-I
942 _cBVOL
999 _c186467
_d186467